| 000 -LEADER |
| fixed length control field |
00516nam a22001937a 4500 |
| 008 - FIXED-LENGTH DATA ELEMENTS--GENERAL INFORMATION |
| fixed length control field |
250922b 2022 ||||| |||| 00| 0 eng d |
| 020 ## - INTERNATIONAL STANDARD BOOK NUMBER |
| International Standard Book Number |
9789355317414 |
| 082 ## - DEWEY DECIMAL CLASSIFICATION NUMBER |
| Classification number |
546 |
| Item number |
AGA |
| 100 ## - MAIN ENTRY--PERSONAL NAME |
| Personal name |
Agarwala, S. K. |
| 245 ## - TITLE STATEMENT |
| Title |
Advanced inorganic chemistry |
| 250 ## - EDITION STATEMENT |
| Edition statement |
18th ed. |
| 260 ## - PUBLICATION, DISTRIBUTION, ETC. (IMPRINT) |
| Place of publication, distribution, etc |
Meerut |
| Name of publisher, distributor, etc |
Pragati Prakashan |
| Date of publication, distribution, etc |
2022 |
| 300 ## - PHYSICAL DESCRIPTION |
| Extent |
viii, 644, iv, viii pgs. |
| 650 ## - SUBJECT ADDED ENTRY--TOPICAL TERM |
| Topical term or geographic name as entry element |
Metal clusters |
| 650 ## - SUBJECT ADDED ENTRY--TOPICAL TERM |
| Topical term or geographic name as entry element |
Inorganic polymers |
| 650 ## - SUBJECT ADDED ENTRY--TOPICAL TERM |
| Topical term or geographic name as entry element |
Nuclear chemistry |
| 700 ## - ADDED ENTRY--PERSONAL NAME |
| Personal name |
Lal, Keemti |
| Relator term |
Co-author |
| 942 ## - ADDED ENTRY ELEMENTS (KOHA) |
| Item type |
Books |